| 000 | 00623cam a2200193 4500 | ||
|---|---|---|---|
| 001 | BFIL008149 | ||
| 008 | 1931 spa | ||
| 035 | _aBFIL008149 | ||
| 050 | 4 |
_aPG3476 _b.L46 E35 1931 |
|
| 100 | 1 | _aLeonov, Leonides | |
| 245 | 0 |
_aEdificacion : novela de la Rusia sovietica / _cLeonidas Leonov ; version espaƱola de Guillermo Neumann y felipe Ximenez de Sandoval. |
|
| 260 |
_aMadrid : _bCenit, _c1931 |
||
| 300 |
_a345 p. ; _c19 cm. |
||
| 500 | _a1 ejemplar | ||
| 650 | 4 | _aNovela Rusa | |
| 700 | 1 |
_aNeimann, Guillermo, _etr. |
|
| 700 | 1 |
_aXimenez de Sandoval, Felipe, _etr. |
|
| 942 |
_2lcc _cLlB |
||
| 999 |
_c128614 _d128614 |
||